YA/NA Contemporary Fiction Novels - Statistics

General Stats
  • This quiz has been taken 12 times
  • The average score is 13 of 20
Answer Stats
Hint Answer % Correct
Two Mexican-American boys with very unique names form a deep friendship that blossoms into love in 1980s Texas Aristotle & Dante Discover the Secrets of the Universe
100%
During a summer in Italy, foreign graduate student Oliver woos his host family's son Elio Call Me By Your Name
100%
Madeline Whittaker is immune-compromised but risks her isolated life for love when she meets her neighbor Olly Everything, Everything
100%
In Nazi Germany, Liesel steals books and shares stories, while her story is narrated by Death The Book Thief
100%
Mateo Torrez and Rufus Emeterio meet through Death-Cast and spend their last day together in New York City, eventually falling in love They Both Die At The End
100%
Clay Jensen listens to tapes left by his crush and fellow student Hannah Baker, who committed suicide Thirteen Reasons Why
100%
Violet Markey and Theodore Finch talk each other out of suicide and explore local landmarks in rural Indiana All The Bright Places
80%
Four students become murder suspects at Bayview High School after one student dies in detention One Of Us Is Lying
80%
Starr Carter witnesses the police shooting of her best friend Khalil and becomes the voice of her community in the fight for justice The Hate U Give
80%
Patroclus recounts his deep friendship with Achilles against the backdrop of the Trojan War The Song of Achilles
80%
Miles "Pudge" Halter falls for the enigmatic Alaska Young, whose sudden disappearance forces him to confront loss and grief Looking for Alaska
60%
In the Mojave Desert, best friends Salahudin and Noor struggle with racism and family trauma while racing to save Sal's family hotel All My Rage
40%
Child Colin Singleton and his friend Hassan go on a road trip across Tennessee while Colin attempts to mathematically predict love after being dumped by nineteen girls of the same name An Abundance of Katherines
40%
A failed bank robbery leads to a group of strangers being trapped in a Swedish apartment viewing Anxious People
40%
Grieving widow Tova Sullivan bonds with octopus Marcellus at the aquarium she works at Remarkably Bright Creatures
40%
After a failed overdose, Nora explores infinite versions of her life and realizes that she already has everything she needs The Midnight Library
40%
In post 9-11 New York, Muslim-American Shirin navigates prejudice, identity, and first love through breakdancing and a complicated relationship with Ocean James A Very Large Expanse of Sea
20%
In 1980s Omaha Nebraska, the title character misfits bond over comics and mixtapes while dealing with first love Eleanor & Park
20%
Natasha, who is facing deportation, and Daniel, a Korean college student, meet by chance and spend a day discovering love, fate, and connection The Sun Is Also A Star
20%
Arthur and Ben meet by chance in New York and navigate the chaos of young love What If It's Us
20%
No matching quizzes found
Score Distribution
Percent of People with Each Score
Percentile by Number Answered
Your Score History
You have not taken this quiz